The Housing Act 2004 and residential lettings (Record no. 108117)
[ view plain ]
| 000 -LEADER | |
|---|---|
| fixed length control field | 01573cam a22002775a 4500 |
| 001 - CONTROL NUMBER | |
| control field | L143326 |
| 008 - FIXED-LENGTH DATA ELEMENTS--GENERAL INFORMATION | |
| fixed length control field | 080425s2008 xxk f 001 0 eng d |
| 020 ## - INTERNATIONAL STANDARD BOOK NUMBER | |
| International Standard Book Number | 9781842194058 |
| 035 ## - SYSTEM CONTROL NUMBER | |
| System control number | (Sirsi) u143326 |
| 041 0# - LANGUAGE CODE | |
| Language code of text/sound track or separate title | eng |
| 050 04 - LIBRARY OF CONGRESS CALL NUMBER | |
| Classification number | 346.410434 $2 18 |
| 100 1# - MAIN ENTRY--PERSONAL NAME | |
| Personal name | Davey, Francis |
| 245 04 - TITLE STATEMENT | |
| Title | The Housing Act 2004 and residential lettings |
| Remainder of title | a practical guide |
| 260 ## - PUBLICATION, DISTRIBUTION, ETC. | |
| Place of publication, distribution, etc. | Coventry |
| Name of publisher, distributor, etc. | RICS Books |
| Date of publication, distribution, etc. | 2008 |
| 300 ## - PHYSICAL DESCRIPTION | |
| Extent | xii, 240p. |
| Dimensions | 24cm. |
| 505 2# - FORMATTED CONTENTS NOTE | |
| Formatted contents note | The housing health and safety rating system -- Houses in multiple occupation and licensing -- Control provisions -- Tenancy deposit protection -- The residential property tribunal |
| 520 ## - SUMMARY, ETC. | |
| Summary, etc. | Offers advice and help on dealing with all aspects of the Housing Act 2004 relating to residential letting practices. Describes the requirements and procedures under the Act. Aims guidance at letting agents, property managers and landlords. Highlights critical pitfalls, errors and loopholes. Suggests ways in which these can be either avoided or exploited. Describes the real world application of sections of the Act. Covers operating and enforcement guidance published by the government, and how local authorities and tribunals have responded to this. |
| 590 ## - LOCAL NOTE (RLIN) | |
| Local note | KA |
| 650 24 - SUBJECT ADDED ENTRY--TOPICAL TERM | |
| Topical term or geographic name entry element | HOUSING ACT 2004 |
| 650 24 - SUBJECT ADDED ENTRY--TOPICAL TERM | |
| Topical term or geographic name entry element | LICENSING AND MANAGEMENT OF HOUSES IN MULTIPLE OCCUPATION AND OTHER HOUSES (MISCELLANEOUS PROVISIONS) (ENGLAND) REGULATIONS 2006 |
| 651 #4 - SUBJECT ADDED ENTRY--GEOGRAPHIC NAME | |
| Geographic name | United Kingdom |
| Chronological subdivision | |
| 690 ## - LOCAL SUBJECT ADDED ENTRY--TOPICAL TERM (OCLC, RLIN) | |
| Topical term or geographic name as entry element | PROPERTY-RESIDENTIAL PROPERTY-RESIDENTIAL LANDLORD AND TENANT |
| 700 1# - ADDED ENTRY--PERSONAL NAME | |
| Personal name | Smith, David |
| 942 ## - ADDED ENTRY ELEMENTS (KOHA) | |
| Suppress in OPAC | 0 |
| Withdrawn status | Lost status | Source of classification or shelving scheme | Damaged status | Not for loan | Home library | Current library | Shelving location | Date acquired | Total Checkouts | Full call number | Barcode | Date last seen | Copy number | Price effective from | Koha item type | Date last checked out |
|---|---|---|---|---|---|---|---|---|---|---|---|---|---|---|---|---|
| Dewey Decimal Classification | London | London | Books | 21/05/2008 | 346.4104342 DAV | 30074417 | 06/08/2019 | 1 | 06/08/2019 | Reference material | ||||||
| Dewey Decimal Classification | London | London | Books | 21/05/2008 | 10 | 346.4104342 DAV | 30074419 | 06/08/2019 | 3 | 06/08/2019 | Book | 16/11/2009 | ||||
| Dewey Decimal Classification | London | London | RICS Boxes | 21/05/2008 | RICS 2008/15 | 30074418 | 06/08/2019 | 1 | 06/08/2019 | Archive |